[Event "Rohde op 09th"]
[Site "Sautron"]
[Date "2009.10.30"]
[Round "8"]
[White "Trouve, Guillaume"]
[Black "Barre, Laurent"]
[Result "0-1"]
[WhiteElo "1724"]
[BlackElo "1448"]
[PlyCount "78"]
[EventDate "2009.10.24"]
[EventType "swiss"]
[EventRounds "9"]
[EventCountry "FRA"]
[SourceTitle "EXT 2010"]
[Source "ChessBase"]
[SourceDate "2010.11.25"]
[SourceVersion "1"]
[SourceVersionDate "2010.11.25"]
[SourceQuality "1"]

1. e4 e5 2. Nf3 Nc6 3. Bc4 Be7 4. Nc3 Nf6 5. d3 d6 6. h3 Na5 7. Bb3 Nxb3 8. axb3 Be6 9. Be3 a6 10. d4 exd4 11. Nxd4 0-0 12. 0-0 Qd7 13. Nf3 Bxh3 14. Bf4 Bxg2 15. Kxg2 Qg4+ 16. Bg3 Nh5 17. Nh2 Qg6 18. Qf3 f5 19. exf5 Rxf5 20. Qd3 Nf4+ 21. Kh1 Nxd3 22. cxd3 Rh5 23. Rad1 Rf8 24. Rg1 Qg4 25. Rde1 Qf3+ 26. Rg2 Bg5 27. Kg1 Qxd3 28. Rf1 Qc2 29. Re1 Qxb2 30. Ne4 Qxb3 31. Nxg5 Rxg5 32. Rf1 b5 33. Kh1 b4 34. Rgg1 Qd5+ 35. Rg2 b3 36. Rfg1 b2 37. Rb1 Rxf2 38. Rbg1 Rxg3 39. Rb1 Qxg2# 0-1